Представление документа в формате MARC21

Поле Инд. ПП Название Значение
Тип записи a
Библиографический уровень m
001 Контрольный номер 4e9a3aba29f74d339ce4a8cebbd0ac9c
005 Дата корректировки 20260402112815.6
020 a ISBN 978-985-543-704-9
c Цена, тираж б. ц.
040 b Код языка каталог. rus
e Правила каталог. PSBO
041 0_ a Код языка текста rus
080 a Индекс УДК 004.021(076.5)
080 a Индекс УДК 004.42(076.5)
084 a Индекс другой классификации/Индекс ББК 32.973я73
090 a Полочн. индекс 681.3
c Каталожный индекс 681.3.06(076.5)
x Авторский знак К43
097 b Оператор 02
100 1_ a Автор Кириенко Н. А.
245 10 a Заглавие Основы алгоритмизации и программирования. Лабораторный практикум
h Физич. носитель + электр. вариант
b Продолж. заглавия пособие : в 2 ч.
n Номер части/ раздела Ч. 1
p Название части/ раздела Использование языка СИ в интегрированной среде разработки Visual Studio
260 a Место издания Минск
b Издательство БГУИР
c Дата издания 2024
300 a Объем 123 с.
b Иллюстрации/ тип воспроизводства ил.
440 _0 a Серия Кафедра экономической информатики
510 0_ a Примечание о ссылках Книги и методические пособия
650 04 a Основная рубрика 50.41 Программное обеспечение вычислительных машин, комплексов и сетей
x Основная подрубрика 50.41.17 Системное программное обеспечение
653 0_ a Ключевые слова алгоритмизация; программирование; Visual Studio; C
700 12 a Другие авторы Полоско Е. А.
700 12 a Другие авторы Ефремов А. А.
856 40 u URL https://libeldoc.bsuir.by/bitstream/123456789/55784/1/Kirienko_Osnovy.pdf
901 t Тип документа m
990 j Количество экземпляров (DOS) 64